| Tag |
First Indicator |
Second Indicator |
Subfields |
| LEADER |
00000cam a2200000 i 4500 |
| 001 |
in00000018917 |
| 005 |
20151007054113.0 |
| 008 |
770930s1977 oncaf 00010 eng |
| 010 |
|
|
|a 77366097
|
| 015 |
|
|
|a C***
|
| 020 |
|
|
|c $7.95
|
| 035 |
|
|
|a (OCoLC)03445580
|
| 035 |
|
|
|9 AAB3998AM
|
| 040 |
|
|
|a DLC
|c DLC
|d m.c.
|d TXA
|d UtOrBLW
|
| 049 |
|
|
|a TXAM
|c [A11103931]
|
| 050 |
0 |
0 |
|a ND723.N54
|b A52
|
| 082 |
0 |
|
|a 759.89
|
| 100 |
1 |
|
|a Nielsen, Kay Rasmus,
|d 1886-1957.
|
| 245 |
1 |
4 |
|a The unknown paintings of Kay Nielsen /
|c edited by David Larkin ; with an elegy by Hildegarde Flanner.
|
| 250 |
|
|
|a 1st ed.
|
| 264 |
|
1 |
|a Toronto ;
|a New York :
|b Peacock Press/Bantam Book,
|c 1977.
|
| 300 |
|
|
|a 19 unnumbered pages, 42 leaves of plates :
|b color illustrations ;
|c 29 cm.
|
| 336 |
|
|
|a text
|b txt
|2 rdacontent
|
| 337 |
|
|
|a unmediated
|b n
|2 rdamedia
|
| 338 |
|
|
|a volume
|b nc
|2 rdacarrier
|
| 600 |
1 |
0 |
|a Nielsen, Kay Rasmus,
|d 1886-1957.
|
| 630 |
0 |
0 |
|a Arabian nights
|x Illustrations.
|
| 999 |
|
|
|a MARS
|
| 999 |
f |
f |
|s 5e99a9b9-a29c-3e30-831f-57aef4063d37
|i 75d257bd-8e55-33f0-b786-925430a1d845
|t 0
|
| 952 |
f |
f |
|p ric
|a Texas A&M University
|b Rellis Campus
|c Joint Library Facility
|d Remote Storage
|t 0
|e ND723.N54 A52
|h Library of Congress classification
|i unmediated -- volume
|m A14811103931
|
| 998 |
f |
f |
|a ND723.N54 A52
|t 0
|l Remote Storage
|